Statistics for Muppet Characters

Click here to take the quiz!

General Stats

  • This quiz has been taken 28,218 times
  • The average score is 12 of 18

Answer Stats

ClueMuppet% Correct
"It's not easy being green"Kermit the Frog
97%
He wants cookieCookie Monster
95%
Porcine girlfriend of the aboveMiss Piggy
95%
He's eight feet tall and yellowBig Bird
94%
Red toddler muppet
made into a popular doll
Elmo
87%
He takes baths with his rubber duckyErnie
84%
"Evil" roommate of the aboveBert
83%
Numerical vampireCount von Count
83%
He lives in a trash canOscar the Grouch
80%
Bear who tells bad jokes and says
"Wocka Wocka Wocka"
Fozzie Bear
72%
Crazed "Muppet Show" drummerAnimal
71%
Long-suffering assistant of
the above
Beaker
59%
Mumbling cookSwedish Chef
58%
"Great" stuntmanGonzo the Great
49%
Blue "Sesame Street" monster who
does not use contractions
Grover
47%
The other oneWaldorf
33%
Scientist whose experiments have
unfortunate results
Dr. Bunsen
Honeydew
30%
One of the elderly
"Muppet Show" hecklers
Statler
30%

Score Distribution

Percentile by Number Answered

Percent of People with Each Score

Your Score History

You have not taken this quiz